| 000 | 00610nam a2200217 a 4500 | ||
|---|---|---|---|
| 005 | 20240925064206.0 | ||
| 008 | 991125s1978 mad 000 0 spa u | ||
| 020 | _a8424500180 | ||
| 035 | _aUPN01000032396 | ||
| 049 | _aCG | ||
| 050 | 4 |
_aBF721 _bR5.38 1978 |
|
| 100 | 1 | _aRichmond, P. G. | |
| 245 | 1 | 0 |
_aIntroducción a Piaget / _cP. G. Richmond ; tr. Ignacio Alvarez Bara. |
| 250 | _a6a ed. | ||
| 260 |
_aMadrid : _bFundamentos, _c1978. |
||
| 300 |
_a158 p. : _bil. |
||
| 440 | 0 |
_aCiencia. _pPsicología ; _v1 |
|
| 600 | 1 | 4 |
_aPIAGET, JEAN, _d1896-1980 |
| 650 | 4 |
_aNiño, Estudio del _9221 |
|
| 905 | _aLibro | ||
| 999 |
_c32396 _d32396 |
||